000 00734nam a2200289Ia 4500
005 20260324135913.0
008 008 260324s9999 xx 000 0 eng d
020 _a9780203765449
037 _aEBOOK
040 _aCRL
040 _beng
040 _cCRL
041 _2eng
041 _aeng
084 _qCRL
100 _a Charles,De,Wolff; P J D Drenth; THIERRY HENK
_91202353
245 2 _aA Handbook of Work and Organizational Psychology
245 0 _bVolume 4: Organizational Psychology
260 _bTaylor and Francis
260 _c1999
365 _a
365 _b230
856 _uhttp://www.taylorfrancis.com/books/9780203765449
942 _cEBOOK
999 _c1803903
_d1803903